LIBRARY & INFORMATION CENTRE, KCAET, TAVANUR

ONLINE PUBLIC ACCESS CATALOGUE (OPAC)

Irrigation engineering (Record no. 13932)

MARC details
000 -LEADER
fixed length control field 00261nam a22001097a 4500
020 ## - INTERNATIONAL STANDARD BOOK NUMBER
ISBN 9788126528813
082 ## - DEWEY DECIMAL CLASSIFICATION NUMBER
Classification number 631.5871
Item number RAG/IR
100 ## - MAIN ENTRY--AUTHOR NAME
Personal name Raghunath, H.M
245 ## - TITLE STATEMENT
Title Irrigation engineering
260 ## - PUBLICATION, DISTRIBUTION, ETC. (IMPRINT)
Place of publication New Delhi
Name of publisher Wiley IndiaPvt. Ltd.
Year of publication 2011
942 ## - ADDED ENTRY ELEMENTS (KOHA)
Koha item type Books
Holdings
Withdrawn status Lost status Damaged status Collection code Home library Current library Shelving location Date acquired Source of acquisition Cost, normal purchase price Full call number Accession Number Koha item type
      Non-fiction KAUAET KAUAET General Stacks 30/03/2013 Minerva Books 439.00 631.5871 RAG/IR 23797 Books
free website counter